000 nam a22 a 4500
999 _c338
_d338
005 20170503115942.0
008 170503b1984 xxu||||| |||| 00| 0 eng d
020 _a0316606510
040 _aAKMAL
082 _220
_a650/.0285/5133
100 _aNickerson, Robert C.
_9767
245 _aFundamentals of structured COBOL /
_cRobert C. Nickerson.
260 _aBoston
_bLittle, Brown
_c1984.
300 _ccm
599 _aDALAM PROSES
650 _aCOBOL (Computer program language)
_9768
650 _aStructured programming.
_9769
852 _aBritish Library
_bDSC
942 _2ddc
_cBOOK